Southville International School and Colleges
Your cart is empty.
  • Cart
  • Lists
    Public lists Eva Luna New books Lux_list list_1
    Your lists Log in to create your own lists
  • Log in to your account
  • Your cookies
  • Search history
Southville International School and Colleges
  • Advanced search
  • Recent comments
  • Most popular
  • Libraries

Log in to your account

Log in with GOOGLE


If you do not have an external account, but do have a local account, you can still log in:

  1. Home
  2. MARC view: Exploring the viability of green computing implementation among college students in Muntiparlas
Normal view MARC view ISBD view

Exploring the viability of green computing implementation among college students in Muntiparlas (Record no. 367023)

[ view plain ]
MARC details
000 -LEADER
fixed length control field 00900nam a22002057a 4500
003 - CONTROL NUMBER IDENTIFIER
control field 0
005 - DATE AND TIME OF LATEST TRANSACTION
control field 20250120123918.0
008 - FIXED-LENGTH DATA ELEMENTS--GENERAL INFORMATION
fixed length control field 250120b xxu||||| |||| 00| 0 eng d
050 ## - LIBRARY OF CONGRESS CALL NUMBER
Classification number QA 76.9
Item number .M18 2024
100 ## - MAIN ENTRY--PERSONAL NAME
Personal name Magallanes, Gilbert Clause H.
245 ## - TITLE STATEMENT
Title Exploring the viability of green computing implementation among college students in Muntiparlas
Remainder of title a feasibility study
Statement of responsibility, etc Gilbert Clause H. Magallanes
260 ## - PUBLICATION, DISTRIBUTION, ETC. (IMPRINT)
Place of publication, distribution, etc Las Pinas City
Name of publisher, distributor, etc Southville International School and Colleges
Date of publication, distribution, etc 2024
300 ## - PHYSICAL DESCRIPTION
Extent xv, 261 pages :
Other physical details illustrations ;
Dimensions 28cm.
504 ## - BIBLIOGRAPHY, ETC. NOTE
Bibliography, etc Includes bibliographical references and appendices.
650 ## - SUBJECT ADDED ENTRY--TOPICAL TERM
Topical term or geographic name as entry element Green computing—Feasibility studies.
650 ## - SUBJECT ADDED ENTRY--TOPICAL TERM
Topical term or geographic name as entry element Energy-efficient computing—Sustainability.
650 ## - SUBJECT ADDED ENTRY--TOPICAL TERM
Topical term or geographic name as entry element Educational institutions—Green technology adoption.
650 ## - SUBJECT ADDED ENTRY--TOPICAL TERM
Topical term or geographic name as entry element Information and communication technology—Environmental aspects.
942 ## - ADDED ENTRY ELEMENTS (KOHA)
Source of classification or shelving scheme Library of Congress Classification
Koha item type Theses
Holdings
Withdrawn status Lost status Source of classification or shelving scheme Damaged status Home library Current library Shelving location Date acquired Source of acquisition Sub Shelving location Total Checkouts Full call number Barcode Date last seen Price effective from Koha item type
    Library of Congress Classification   College Library College Library Theses Section 01/20/2025 Donation     QA 76.9 .M18 2024 T1259 01/20/2025 01/20/2025 Theses

Exploring the viability of green computing implementation among college students in Muntiparlas

APA

Magallanes G. C. H., . (2024). Exploring the viability of green computing implementation among college students in Muntiparlas. Las Pinas City: Southville International School and Colleges.

Chicago

Magallanes Gilbert Clause H, . 2024. Exploring the viability of green computing implementation among college students in Muntiparlas. Las Pinas City: Southville International School and Colleges.

Harvard

Magallanes G. C. H., . (2024). Exploring the viability of green computing implementation among college students in Muntiparlas. Las Pinas City: Southville International School and Colleges.

MLA

Magallanes Gilbert Clause H, . Exploring the viability of green computing implementation among college students in Muntiparlas. Las Pinas City: Southville International School and Colleges. 2024.

  • Print
  • Cite
  • Add to your cart (remove)
  • Save record
    BIBTEX Dublin Core MARCXML MARC (non-Unicode/MARC-8) MARC (Unicode/UTF-8) MARC (Unicode/UTF-8, Standard) MODS (XML) RIS
  • More searches
    Search for this title in:
    Other Libraries (WorldCat) Other Databases (Google Scholar) Online Stores (Bookfinder.com) Open Library (openlibrary.org)

Exporting to Dublin Core...

SOUTHVILLE LIBRARY

Southville International School and Colleges Library

1281 Tropical Ave. Cor. Luxembourg St., BF Homes International, Las Pinas City

Tel. No. 8256374 / 252358 Loc. 117/146

Powered by Koha